01090nam a2200193Ia 4500001001100000003001000011008004100021040002500062041001300087100004000100245005800140250001100198260006600209300002700275500022300302501011400525520022300639650003400862L235-10874IT-CnALBA170116s9999||||xx |||||||||||||| ||und|| aIT-CnALBAcIT-CnALBA aITALIANO aGUITTON JEAN, ACCADEMICO DI FRANCIA 0aLA VERGINE A RUE DU BAC. - LA MEDAGLIA MIRACOLOSA...  a2a ed. aCINISELLO BALSAMO (MI)bEDIZIONI PAOLINEc1977 [1° Ed.:1976] a149 p. (prefazione: 5) aTRADUZIONE DAL FRANCESE DI LUIGI RUGGERI. APPENDICE CRONOLOGICA. QUARTIERE DI PARIGI. CATERINA LABOURET, CONTADINA. VISIONI. APPARIZIONI. CONVERSIONE DI RATISBONNE. FEDE E SUPERSTIZIONE. FENOMENI MISTICI. PROSPETTIVE.  aSocietà San Paolo EM - Piazza San Paolo, 14 - 12051 ALBA (CN) (non commercial uses only) ® Copyright 2017 aTRADUZIONE DAL FRANCESE DI LUIGI RUGGERI. APPENDICE CRONOLOGICA. QUARTIERE DI PARIGI. CATERINA LABOURET, CONTADINA. VISIONI. APPARIZIONI. CONVERSIONE DI RATISBONNE. FEDE E SUPERSTIZIONE. FENOMENI MISTICI. PROSPETTIVE.  aMARIA SS. ANGELI SANTI DEMONI